Vianočná zvada

Podrobná bibliografia
Hlavný autor: Prikryl, Pavol, 1962- (Autor)
Médium: Článok
Jazyk:slovenčina
ISSN:1335-6488
Predmet:

MARC

LEADER 00000nab a2200000 a 4500
001 vtls009179007
003 SK-MaSNL
005 20260303051352.0
008 080130 2007 xo m 000 0 slo
015 |a SNBRB2008/01 
038 |a KEKMK 
040 |a KEKMK  |b slo  |c KEKMK  |e AACR2 
041 |a slo 
044 |a xo  |c SK 
080 |a 82-93  |2 2001 
100 1 |a Prikryl, Pavol,  |d 1962-  |4 aut  |9 99970 
245 1 0 |a Vianočná zvada  |c Pavol Prikryl 
650 0 7 |a literatúra pre deti a mládež  |2 kekmk  |9 21893 
773 0 |t Včielka : časopis pre najmenších  |g Roč.50,č.4 december (2007), s.6-7  |x 1335-6488 
852 |a KEKMK  |b KIS3G 
958 |a DB 
999 |c 1711240  |d 1713170